000 00558nam a2200193Ia 4500
005 20250508162750.0
008 008 250505s9999 xx 000 0 eng d
020 _a81-7169-097-1
037 _aTextual
040 _aFEDL
_beng
_cFEDL
041 _aeng
_2eng
084 _a379.111, REH
_qFEDL
100 _aRehman M M
245 0 _aPolitical economy of Institutional planning in education
260 _aNew Delhi, India
_bCommonewalth Publishers
_c1990
300 _a158p
942 _cTEXL
_h379.111, REH
999 _c1378570
_d1378570